[Event "Wch U10 Girls"]
[Site "Montesilvano"]
[Date "2024.11.26"]
[Round "11"]
[White "Samhita, Pungavanam"]
[Black "Tykalova, Barbora"]
[Result "1-0"]
[WhiteElo "1752"]
[BlackElo "1596"]
[PlyCount "85"]
[EventDate "2024.11.15"]
[EventType "swiss"]
[EventRounds "11"]
[EventCountry "ITA"]
[SourceTitle "CB48_2024"]
[SourceDate "2024.11.28"]
[SourceVersion "1"]
[SourceVersionDate "2024.11.28"]
[SourceQuality "1"]

1. e4 e5 2. Nf3 Nf6 3. Nc3 Nc6 4. a3 Be7 5. Bb5 a6 6. Bxc6 dxc6 7. Nxe5 Nxe4 8. Qf3 Nf6 9. 0-0 0-0 10. h3 Be6 11. Qe3 Nd5 12. Nxd5 Qxd5 13. c4 Qd6 14. d4 Rad8 15. Rd1 f6 16. c5 Qd5 17. Nd3 Qb3 18. Re1 Bd7 19. Qg3 Rf7 20. Bf4 Bf5 21. Re3 Rxd4 22. Nb4 Qxb2 23. Rae1 Bxc5 24. Rb3 Qxb3 25. Qxb3 Rxf4 26. Re8+ Bf8 27. g3 Re4 28. Rd8 Bxh3 29. Nd3 Be6 30. Qxb7 Rd7 31. Rxd7 Bxd7 32. Qa8 Ra4 33. Nc5 Rd4 34. Nxd7 Rxd7 35. Qxa6 Rd1+ 36. Kg2 Rc1 37. Qc8 Kf7 38. Qd7+ Be7 39. a4 Ra1 40. Qxc6 Bd6 41. Qa8 Ke6 42. a5 Ra4 43. Qe8+ 1-0

[Event "Wch U10 Girls"]
[Site "Montesilvano"]
[Date "2024.11.23"]
[Round "8"]
[White "Tykalova, Barbora"]
[Black "Bjerregaard Hagen, Frida"]
[Result "1-0"]
[WhiteElo "1596"]
[BlackElo "1815"]
[PlyCount "99"]
[EventDate "2024.11.15"]
[EventType "swiss"]
[EventRounds "11"]
[EventCountry "ITA"]
[SourceTitle "CB48_2024"]
[SourceDate "2024.11.28"]
[SourceVersion "1"]
[SourceVersionDate "2024.11.28"]
[SourceQuality "1"]

1. e4 e6 2. d4 d5 3. Nc3 Nf6 4. Bg5 dxe4 5. Nxe4 Nbd7 6. Bd3 h6 7. Bh4 g5 8. Bg3 Nxe4 9. Bxe4 f5 10. Bd3 f4 11. Bxf4 gxf4 12. Qh5+ Ke7 13. Qh4+ Nf6 14. Nf3 Rg8 15. Qxf4 Qd6 16. Qe3 Bd7 17. Nh4 Kd8 18. Ng6 Bc6 19. Nxf8 Rxf8 20. Qxh6 Ke7 21. 0-0-0 a5 22. Rhe1 Nd5 23. Kb1 Rf6 24. Qg7+ Rf7 25. Qg5+ Kd7 26. Re2 Qb4 27. Ka1 a4 28. a3 Qa5 29. Re5 Qa7 30. Rde1 Re7 31. c4 Qxd4 32. cxd5 Bxd5 33. Rd1 Qxf2 34. Bb5+ c6 35. Rdxd5+ Kc8 36. Qxe7 cxd5 37. Qe8+ Kc7 38. Qxa8 Qd4 39. Re1 Qd2 40. Rf1 Qxg2 41. Rf7+ Kb6 42. Rxb7+ Kc5 43. Qc8+ Kd4 44. Qc3+ Ke4 45. Bd3+ Kf4 46. Rf7+ Kg5 47. Qf6+ Kh5 48. Bf1 Qxb2+ 49. Kxb2 d4 50. Be2# 1-0

[Event "Wch U10 Girls"]
[Site "Montesilvano"]
[Date "2024.11.22"]
[Round "7"]
[White "Muradli, Sabira"]
[Black "Tykalova, Barbora"]
[Result "0-1"]
[WhiteElo "1430"]
[BlackElo "1596"]
[PlyCount "130"]
[EventDate "2024.11.15"]
[EventType "swiss"]
[EventRounds "11"]
[EventCountry "ITA"]
[SourceTitle "CB48_2024"]
[SourceDate "2024.11.28"]
[SourceVersion "1"]
[SourceVersionDate "2024.11.28"]
[SourceQuality "1"]

1. e4 d5 2. exd5 Qxd5 3. Nc3 Qa5 4. Bc4 c6 5. d3 Nf6 6. Nge2 Bf5 7. a4 e6 8. 0-0 Bd6 9. Ng3 Bg6 10. Be3 Qc7 11. Bg5 Nbd7 12. Qf3 Ne5 13. Qe2 Nxc4 14. dxc4 h5 15. Bxf6 gxf6 16. Qf3 f5 17. Rfe1 0-0-0 18. h4 Be7 19. Nge2 Bxh4 20. Nf4 Rdg8 21. Rad1 e5 22. Nxg6 fxg6 23. Ne4 Be7 24. Nc3 Bh4 25. Ne4 Be7 26. Nc3 e4 27. Qh3 Qf4 28. Rxe4 Qc7 29. Re6 Kb8 30. Rde1 Bc5 31. R6e5 Qb6 32. Kh1 Bxf2 33. R1e2 Bd4 34. Re6 Qxb2 35. Nd1 Qc1 36. Qg3+ Ka8 37. Qe1 a6 38. c3 Bb6 39. Nb2 Bd4 40. Nd1 Bb6 41. Nb2 Qg5 42. Nd3 h4 43. Re8+ Rxe8 44. Rxe8+ Rxe8 45. Qxe8+ Ka7 46. Qe5 Qd2 47. Ne1 Bf2 48. Nf3 Qd1+ 49. Ne1 Qxe1+ 50. Qxe1 Bxe1 51. Kh2 Bxc3 52. Kh3 g5 53. a5 Bxa5 54. g4 fxg4+ 55. Kxg4 Kb6 56. c5+ Kxc5 57. Kh3 b5 58. Kh2 b4 59. Kh3 b3 60. Kh2 b2 61. Kh3 b1Q 62. Kh2 Qd3 63. Kg2 Be1 64. Kh1 Qf1+ 65. Kh2 Bg3# 0-1

[Event "Wch U10 Girls"]
[Site "Montesilvano"]
[Date "2024.11.19"]
[Round "5"]
[White "Meng, Miranda"]
[Black "Tykalova, Barbora"]
[Result "1-0"]
[WhiteElo "1675"]
[BlackElo "1596"]
[PlyCount "85"]
[EventDate "2024.11.15"]
[EventType "swiss"]
[EventRounds "11"]
[EventCountry "ITA"]
[SourceTitle "CB48_2024"]
[SourceDate "2024.11.28"]
[SourceVersion "1"]
[SourceVersionDate "2024.11.28"]
[SourceQuality "1"]

1. d4 Nf6 2. c4 g6 3. Nf3 Bg7 4. g3 0-0 5. Bg2 d6 6. 0-0 Nbd7 7. Nc3 e5 8. d5 Ne8 9. e4 a5 10. a4 Nc5 11. b3 f5 12. Nd2 f4 13. Ba3 Na6 14. Qc2 Bg4 15. h3 Bd7 16. Kh2 Qg5 17. Nf3 Qh5 18. Qe2 Nf6 19. Rh1 Rf7 20. Kg1 fxg3 21. fxg3 g5 22. g4 Qg6 23. c5 Nb4 24. Rc1 Re8 25. cxd6 cxd6 26. Nd2 Ra8 27. Nc4 Bf8 28. Nxa5 Nbxd5 29. Nxd5 Rxa5 30. Bb4 Ra8 31. Nb6 Rd8 32. Nxd7 Rfxd7 33. Kh2 Bg7 34. Rhf1 d5 35. exd5 Nxd5 36. Bxd5+ Rxd5 37. Qc4 Qe6 38. Rcd1 Kh8 39. Ba5 R8d6 40. Rxd5 Rxd5 41. Rd1 Rd6 42. Qxe6 Rxe6 43. Rd8+ 1-0

[Event "Wch U10 Girls"]
[Site "Montesilvano"]
[Date "2024.11.16"]
[Round "2"]
[White "Stoica, Melina Theodora"]
[Black "Tykalova, Barbora"]
[Result "1/2-1/2"]
[WhiteElo "1675"]
[BlackElo "1596"]
[PlyCount "104"]
[EventDate "2024.11.15"]
[EventType "swiss"]
[EventRounds "11"]
[EventCountry "ITA"]
[SourceTitle "CB48_2024"]
[SourceDate "2024.11.28"]
[SourceVersion "1"]
[SourceVersionDate "2024.11.28"]
[SourceQuality "1"]

1. d4 Nf6 2. Nf3 g6 3. c4 Bg7 4. Nc3 0-0 5. e4 d6 6. Be2 Nbd7 7. 0-0 Qe8 8. Bf4 e5 9. dxe5 dxe5 10. Bg3 b6 11. Nb5 Qe7 12. Nxc7 Rb8 13. Nd5 Qe8 14. Nxf6+ Bxf6 15. Qc2 Bb7 16. Rad1 Nc5 17. Bd3 Nxd3 18. Qxd3 Qe6 19. h3 Rbd8 20. Qc2 Rxd1 21. Rxd1 Bg7 22. b3 h6 23. Qe2 f5 24. exf5 Qxf5 25. Nh4 Qf6 26. Qd3 e4 27. Qd7 Bc6 28. Qd6 g5 29. Qxf6 Rxf6 30. Be5 Re6 31. Bxg7 Kxg7 32. Nf5+ Kg6 33. Ne3 b5 34. cxb5 Bxb5 35. Rd5 Bd3 36. Rd7 Ra6 37. a4 h5 38. Rb7 Ra5 39. g4 h4 40. Kg2 Be2 41. Kg1 Bf3 42. Kf1 Rc5 43. Ke1 a5 44. Kd2 Kf6 45. Rb5 Rxb5 46. axb5 Ke6 47. Kc3 Be2 48. Kd4 Bxb5 49. Kxe4 a4 50. bxa4 Bxa4 51. f4 Bc6+ 52. Kd4 gxf4 1/2-1/2

[Event "CZE-ch U12"]
[Site "Harrachov"]
[Date "2024.11.01"]
[Round "8"]
[White "Fadrny, Jachym"]
[Black "Tykalova, Barbora"]
[Result "1-0"]
[WhiteElo "1761"]
[BlackElo "1620"]
[PlyCount "75"]
[EventDate "2024.10.26"]
[EventType "swiss"]
[EventRounds "9"]
[EventCountry "CZE"]
[SourceTitle "CB45_2024"]
[Source "ChessBase"]
[SourceDate "2024.11.06"]
[SourceVersion "1"]
[SourceVersionDate "2024.11.06"]
[SourceQuality "1"]

1. e4 e5 2. Nf3 Nc6 3. d4 exd4 4. Bc4 Nf6 5. 0-0 Bc5 6. c3 dxc3 7. e5 d5 8. exf6 dxc4 9. fxg7 Rg8 10. Qe2+ Qe7 11. Qxc4 Be6 12. Qxc3 Bb4 13. Qc2 Rxg7 14. a3 Bd6 15. Re1 0-0-0 16. Nc3 Qf6 17. Kh1 Rdg8 18. Ne4 Qg6 19. Nxd6+ cxd6 20. Qxg6 Rxg6 21. Nh4 Rg4 22. g3 Rxh4 23. Rxe6 Rd4 24. Re1 Rg6 25. Be3 Rd5 26. Rac1 Kd7 27. Kg2 Rb5 28. Rb1 a6 29. Red1 Ne5 30. b3 Ng4 31. Bf4 Rf5 32. Rd4 Ne5 33. Rbd1 Kc6 34. Rc1+ Kb6 35. Be3 Ka5 36. Ra4+ Kb5 37. Rb4+ Ka5 38. Bb6# 1-0

[Event "CZE-ch U12"]
[Site "Harrachov"]
[Date "2024.10.29"]
[Round "5"]
[White "Tykalova, Barbora"]
[Black "Svoboda, Petr3"]
[Result "0-1"]
[WhiteElo "1620"]
[BlackElo "1504"]
[PlyCount "36"]
[EventDate "2024.10.26"]
[EventType "swiss"]
[EventRounds "9"]
[EventCountry "CZE"]
[SourceTitle "CB45_2024"]
[Source "ChessBase"]
[SourceDate "2024.11.06"]
[SourceVersion "1"]
[SourceVersionDate "2024.11.06"]
[SourceQuality "1"]

1. e4 e6 2. d4 d5 3. Nc3 Bb4 4. Nge2 Ne7 5. a3 Bxc3+ 6. Nxc3 0-0 7. e5 Nbc6 8. Be3 Nf5 9. g3 Nxe5 10. dxe5 d4 11. Bxd4 Nxd4 12. Bg2 Nf5 13. 0-0 Qe7 14. Qh5 Bd7 15. Rad1 Bc6 16. Bxc6 bxc6 17. Ne4 h6 18. Rd2 Rfd8 0-1

[Event "EU-ch U10 Girls"]
[Site "Prague"]
[Date "2024.08.29"]
[Round "7"]
[White "Tykalova, Barbora"]
[Black "Bakhshi, Rana"]
[Result "1/2-1/2"]
[WhiteElo "1580"]
[BlackElo "1732"]
[PlyCount "103"]
[EventDate "2024.08.22"]
[EventType "swiss"]
[EventRounds "9"]
[EventCountry "CZE"]
[SourceTitle "CBM 221 Extra"]
[Source "ChessBase"]
[SourceDate "2024.09.30"]
[SourceVersion "1"]
[SourceVersionDate "2024.09.30"]
[SourceQuality "1"]

1. e4 c5 2. Nf3 d6 3. Bb5+ Bd7 4. Bxd7+ Qxd7 5. 0-0 Nc6 6. c3 Nf6 7. Qe2 e6 8. d4 cxd4 9. cxd4 d5 10. e5 Ng8 11. Nc3 Nge7 12. Nb5 Nf5 13. Be3 h5 14. Rac1 a6 15. Nc3 Be7 16. a3 g5 17. Nxg5 Bxg5 18. Bxg5 Ncxd4 19. Qd1 h4 20. Na4 Ne2+ 21. Qxe2 Qxa4 22. Rc7 h3 23. Rfc1 Qa5 24. Rxb7 d4 25. Qc4 0-0 26. Qe2 Qd5 27. Qf3 Qxf3 28. gxf3 Rab8 29. Rcc7 d3 30. Rxb8 Rxb8 31. Bf6 d2 32. Rd7 Rxb2 33. Kf1 Rb1+ 34. Ke2 Rh1 35. Kxd2 Nh6 36. Bg5 Rxh2 37. Bxh6 Rg2 38. Bf4 h2 39. Bxh2 Rxf2+ 40. Ke3 Rxh2 41. Ra7 Ra2 42. Rxa6 Kg7 43. a4 Kg6 44. a5 Kf5 45. Kd4 Ra4+ 46. Kc5 Kxe5 47. Ra7 f5 48. a6 Kf4 49. Kb5 Ra1 50. Re7 e5 51. Kb6 e4 52. fxe4 1/2-1/2

[Event "CZE-ch U10"]
[Site "Teplice"]
[Date "2023.11.18"]
[Round "7"]
[White "Cerny, Ren"]
[Black "Tykalova, Barbora"]
[Result "1-0"]
[WhiteElo "1371"]
[BlackElo "1155"]
[PlyCount "69"]
[EventDate "2023.11.15"]
[EventType "swiss"]
[EventRounds "9"]
[EventCountry "CZE"]
[SourceTitle "CBM 217 Extra"]
[Source "ChessBase"]
[SourceDate "2024.01.31"]
[SourceVersion "1"]
[SourceVersionDate "2024.01.31"]
[SourceQuality "1"]

1. e4 d5 2. exd5 Nf6 3. d4 Nxd5 4. c4 Nb6 5. Nc3 Bf5 6. Be3 Nc6 7. Nf3 e6 8. a3 a6 9. Bd3 Bg6 10. 0-0 Be7 11. Rc1 0-0 12. Qe2 Qd7 13. Rfd1 Bh5 14. Be4 Na5 15. c5 Nd5 16. Qd3 Bxf3 17. Bxf3 Nxe3 18. fxe3 Rad8 19. b4 Nc6 20. Rc2 Ne5 21. Qe2 Nxf3+ 22. Qxf3 c6 23. Na4 Qc7 24. Nb6 f6 25. Rcd2 e5 26. d5 a5 27. d6 Bxd6 28. Rxd6 Rxd6 29. Rxd6 axb4 30. axb4 Rd8 31. Qd1 Re8 32. Rd7 Qb8 33. Qd6 Qa7 34. Rd8 Qa1+ 35. Qd1 1-0

[Event "CZE-ch U10"]
[Site "Teplice"]
[Date "2023.11.17"]
[Round "5"]
[White "Fadrny, Jonas"]
[Black "Tykalova, Barbora"]
[Result "1-0"]
[WhiteElo "1317"]
[BlackElo "1155"]
[PlyCount "53"]
[EventDate "2023.11.15"]
[EventType "swiss"]
[EventRounds "9"]
[EventCountry "CZE"]
[SourceTitle "CBM 217 Extra"]
[Source "ChessBase"]
[SourceDate "2024.01.31"]
[SourceVersion "1"]
[SourceVersionDate "2024.01.31"]
[SourceQuality "1"]

1. d4 d5 2. c4 e6 3. Nf3 Nf6 4. g3 b6 5. cxd5 exd5 6. Bg2 Bb4+ 7. Bd2 Qe7 8. Qa4+ Bd7 9. Qxb4 c5 10. dxc5 Nc6 11. Qc3 bxc5 12. 0-0 0-0 13. Re1 d4 14. Qc2 h6 15. e3 d3 16. Qxd3 Rad8 17. Qc2 Be8 18. Nc3 Nb4 19. Qb3 Bc6 20. Red1 Ne4 21. Nxe4 Qxe4 22. Bxb4 Rxd1+ 23. Rxd1 Rb8 24. Ne1 Qg6 25. Bxc6 Qxc6 26. Qc2 Qf6 27. Bc3 1-0

[Event "CZE-ch U10"]
[Site "Teplice"]
[Date "2023.11.15"]
[Round "1"]
[White "Kovac, Vit"]
[Black "Tykalova, Barbora"]
[Result "0-1"]
[WhiteElo "1000"]
[BlackElo "1155"]
[PlyCount "60"]
[EventDate "2023.11.15"]
[EventType "swiss"]
[EventRounds "9"]
[EventCountry "CZE"]
[SourceTitle "CBM 217 Extra"]
[Source "ChessBase"]
[SourceDate "2024.01.31"]
[SourceVersion "1"]
[SourceVersionDate "2024.01.31"]
[SourceQuality "1"]

1. e4 e5 2. Nf3 d5 3. exd5 e4 4. Ng1 Nf6 5. Nc3 Nxd5 6. Qh5 Be6 7. Nxd5 Bxd5 8. Qe5+ Be6 9. Qxe4 Bd6 10. Qxb7 Bc5 11. Qb5+ Nd7 12. Nf3 Qe7 13. Qe2 0-0 14. d4 Bd6 15. Be3 Rab8 16. 0-0-0 f6 17. d5 Bf7 18. Bxa7 Qxe2 19. Bxe2 Ra8 20. Be3 Rxa2 21. Kb1 Rfa8 22. c3 Bg6+ 23. Kc1 Rb8 24. Kd2 Rbxb2+ 25. Ke1 Rxe2+ 26. Kf1 Rec2 27. Bd2 Bd3+ 28. Ke1 Ne5 29. Nd4 Rcb2 30. f4 Nc4 0-1

[Event "CZE-ch U10"]
[Site "Teplice"]
[Date "2023.11.15"]
[Round "2"]
[White "Tykalova, Barbora"]
[Black "Mauricova, Ivana"]
[Result "1-0"]
[WhiteElo "1155"]
[BlackElo "1000"]
[PlyCount "95"]
[EventDate "2023.11.15"]
[EventType "swiss"]
[EventRounds "9"]
[EventCountry "CZE"]
[SourceTitle "CBM 217 Extra"]
[Source "ChessBase"]
[SourceDate "2024.01.31"]
[SourceVersion "1"]
[SourceVersionDate "2024.01.31"]
[SourceQuality "1"]

1. e4 c5 2. Nf3 a6 3. c4 b6 4. b3 Bb7 5. Nc3 Nf6 6. d3 Nc6 7. h3 g6 8. e5 Nh5 9. Be2 Nf4 10. Bxf4 Bg7 11. Nd5 0-0 12. Rb1 e6 13. Ne3 Nd4 14. 0-0 a5 15. Nxd4 cxd4 16. Nc2 Qc7 17. Nxd4 Bxe5 18. Bxe5 Qxe5 19. Nf3 Qd6 20. Nh2 Qc6 21. Bf3 Qc7 22. Bxb7 Qxb7 23. Qf3 Qxf3 24. Nxf3 d5 25. cxd5 exd5 26. Ne5 Rfe8 27. Nd7 Re6 28. Rbc1 Rd8 29. Nxb6 Rdd6 30. Na4 d4 31. Rc5 Ra6 32. Rc8+ Kg7 33. Nc5 Rac6 34. Nxe6+ Rxe6 35. Rc5 Ra6 36. Rd5 a4 37. Rxd4 axb3 38. axb3 Rb6 39. Re1 Rxb3 40. Re7 Rb1+ 41. Kh2 Rb2 42. f3 Rd2 43. Rf4 Rxd3 44. Rfxf7+ Kh6 45. h4 g5 46. Rxh7+ Kg6 47. h5+ Kf6 48. Rhf7# 1-0

[Event "Plzen Calliditas op"]
[Site "Plzen"]
[Date "2023.08.25"]
[Round "8"]
[White "Tykalova, Barbora"]
[Black "Souralova, Venuse"]
[Result "1/2-1/2"]
[WhiteElo "1154"]
[BlackElo "1405"]
[PlyCount "39"]
[EventDate "2023.08.19"]
[EventType "swiss"]
[EventRounds "9"]
[EventCountry "CZE"]
[SourceTitle "CBM 216 Extra"]
[Source "ChessBase"]
[SourceDate "2023.11.30"]
[SourceVersion "1"]
[SourceVersionDate "2023.11.30"]
[SourceQuality "1"]

1. e4 c5 2. Nf3 d6 3. d4 cxd4 4. Qxd4 Nc6 5. Bb5 Bd7 6. Bxc6 Bxc6 7. Nc3 Nf6 8. Bg5 g6 9. Bxf6 exf6 10. 0-0-0 Bh6+ 11. Kb1 Bf4 12. h4 Be5 13. Nxe5 dxe5 14. Qxd8+ Rxd8 15. Rxd8+ Kxd8 16. h5 Kd7 17. hxg6 fxg6 18. b3 Ke6 19. Kb2 f5 20. f3 1/2-1/2

[Event "Plzen Calliditas op"]
[Site "Plzen"]
[Date "2023.08.21"]
[Round "3"]
[White "Zelenka, Tomas"]
[Black "Tykalova, Barbora"]
[Result "1-0"]
[WhiteElo "1280"]
[BlackElo "1154"]
[PlyCount "79"]
[EventDate "2023.08.19"]
[EventType "swiss"]
[EventRounds "9"]
[EventCountry "CZE"]
[SourceTitle "CBM 216 Extra"]
[Source "ChessBase"]
[SourceDate "2023.11.30"]
[SourceVersion "1"]
[SourceVersionDate "2023.11.30"]
[SourceQuality "1"]

1. e4 d5 2. exd5 Nf6 3. Nc3 Nxd5 4. d4 Nc6 5. Nxd5 Qxd5 6. Nf3 Bg4 7. Be2 0-0-0 8. c3 e6 9. 0-0 Bd6 10. a4 Qh5 11. h3 Bf5 12. Ne5 Qh4 13. Nxf7 Rd7 14. Nxd6+ Rxd6 15. b4 e5 16. b5 Nb8 17. Qb3 exd4 18. cxd4 Qxd4 19. Be3 Be6 20. Qc2 Qb4 21. Rac1 Rd7 22. Bf3 Bb3 23. Qf5 Rhd8 24. Bf4 Qa5 25. Rxc7+ Qxc7 26. Rc1 Qxc1+ 27. Bxc1 Re8 28. Qc5+ Rc7 29. Bg4+ Nd7 30. Bxd7+ Kxd7 31. Qf5+ Be6 32. Qd3+ Kc8 33. Be3 Rd8 34. Qxh7 Bb3 35. Bxa7 Bxa4 36. Qf5+ Rdd7 37. b6 Rc1+ 38. Kh2 Re1 39. Qf4 Bc6 40. Qb8# 1-0

[Event "Plzen Calliditas op"]
[Site "Plzen"]
[Date "2023.08.19"]
[Round "1"]
[White "Chudek, Lubomir"]
[Black "Tykalova, Barbora"]
[Result "1-0"]
[WhiteElo "1748"]
[BlackElo "1154"]
[PlyCount "41"]
[EventDate "2023.08.19"]
[EventType "swiss"]
[EventRounds "9"]
[EventCountry "CZE"]
[SourceTitle "CBM 216 Extra"]
[Source "ChessBase"]
[SourceDate "2023.11.30"]
[SourceVersion "1"]
[SourceVersionDate "2023.11.30"]
[SourceQuality "1"]

1. e4 d5 2. exd5 Qxd5 3. Nc3 Qa5 4. d3 Nf6 5. Bd2 c5 6. Be2 Nc6 7. Nf3 e5 8. 0-0 Bd6 9. Nd5 Qd8 10. Bg5 Be7 11. Nxe7 Qxe7 12. Nd2 Nd4 13. Ne4 Bd7 14. f4 h6 15. fxe5 Nxe2+ 16. Qxe2 hxg5 17. exf6 Qe5 18. Nd6+ Kf8 19. Qxe5 Be6 20. fxg7+ Ke7 21. Rxf7+ 1-0

[Event "Klatovy op-B 29th"]
[Site "Klatovy"]
[Date "2023.07.07"]
[Round "7"]
[White "Roskovec, Bedrich"]
[Black "Tykalova, Barbora"]
[Result "1/2-1/2"]
[WhiteElo "1597"]
[BlackElo "1138"]
[PlyCount "46"]
[EventDate "2023.07.01"]
[EventType "swiss"]
[EventRounds "9"]
[EventCountry "CZE"]
[SourceTitle "CBM 215 Extra"]
[Source "ChessBase"]
[SourceDate "2023.09.30"]
[SourceVersion "1"]
[SourceVersionDate "2023.09.30"]
[SourceQuality "1"]

1. e4 d5 2. exd5 Qxd5 3. Nc3 Qd6 4. Nb5 Qd8 5. Nf3 Bg4 6. Be2 e6 7. d4 Nf6 8. Bg5 Nbd7 9. Bf4 Rc8 10. Nxa7 Ra8 11. Nb5 Rc8 12. a3 Bh5 13. 0-0 Be7 14. c4 0-0 15. Qc2 Bg6 16. Bd3 Ne8 17. c5 c6 18. Nc3 Nc7 19. Rfe1 b5 20. Bxg6 hxg6 21. Rad1 Na6 22. h3 Nf6 23. Ne5 Nh5 1/2-1/2

[Event "Klatovy op-B 29th"]
[Site "Klatovy"]
[Date "2023.07.05"]
[Round "5"]
[White "Kvaca, Frantisek"]
[Black "Tykalova, Barbora"]
[Result "1/2-1/2"]
[WhiteElo "1376"]
[BlackElo "1138"]
[PlyCount "50"]
[EventDate "2023.07.01"]
[EventType "swiss"]
[EventRounds "9"]
[EventCountry "CZE"]
[SourceTitle "CBM 215 Extra"]
[Source "ChessBase"]
[SourceDate "2023.09.30"]
[SourceVersion "1"]
[SourceVersionDate "2023.09.30"]
[SourceQuality "1"]

1. e4 e5 2. Nf3 Nc6 3. d4 exd4 4. Nxd4 Bc5 5. Be3 Qf6 6. c3 Nge7 7. Bc4 Ne5 8. Nd2 0-0 9. N4f3 Bb6 10. Nxe5 Qxe5 11. Qf3 d6 12. Qf4 Qh5 13. Qg5 Qxg5 14. Bxg5 Ng6 15. Be3 Be6 16. Bxb6 axb6 17. 0-0 Ne5 18. Bb3 Nd3 19. Rfb1 Nc5 20. f3 c6 21. Nc4 b5 22. Nd2 Ra7 23. Bxe6 Nxe6 24. a3 Rfa8 25. Kf2 c5 1/2-1/2

[Event "CZE-ch U10 Girls"]
[Site "Teplice"]
[Date "2023.03.16"]
[Round "7"]
[White "Tykalova, Barbora"]
[Black "Ulsbold, Nandin"]
[Result "1-0"]
[WhiteElo "1138"]
[BlackElo "1000"]
[PlyCount "87"]
[EventDate "2023.03.11"]
[EventType "swiss"]
[EventRounds "9"]
[EventCountry "CZE"]
[SourceTitle "CBM 213 Extra"]
[Source "ChessBase"]
[SourceDate "2023.05.31"]
[SourceVersion "1"]
[SourceVersionDate "2023.05.31"]
[SourceQuality "1"]

1. e4 e5 2. Nf3 Nc6 3. Nc3 Nf6 4. Bc4 Nxe4 5. 0-0 Nxc3 6. dxc3 d6 7. Ng5 Be6 8. Nxe6 fxe6 9. Bxe6 Qe7 10. Bh3 g6 11. Re1 Bg7 12. Qd5 Qf6 13. Be3 Ne7 14. Qxb7 0-0 15. Rad1 c5 16. Qc7 Nf5 17. Bd2 Nh4 18. Be3 Rf7 19. Qxd6 Qxd6 20. Rxd6 Kh8 21. f3 c4 22. Be6 Re7 23. Bg5 Nxf3+ 24. gxf3 Ree8 25. Bxc4 h6 26. Bh4 Bf8 27. Rxg6 Bc5+ 28. Kh1 Kh7 29. Rc6 Bb6 30. Bd3+ Kg8 31. Rxh6 Kf7 32. Re4 Rg8 33. Bc4+ Kf8 34. Bxg8 Kxg8 35. Rg4+ Kf7 36. Rf6+ Ke7 37. Rxb6+ Kf7 38. Rf6+ Ke7 39. Rg7+ Ke8 40. Rg8+ Kd7 41. Rxa8 Kc7 42. Rxa7+ Kb8 43. Bf2 Kc8 44. Rf8# 1-0